[Event "World op 48th"]
[Site "ICC INT"]
[Date "2020.08.08"]
[Round "5"]
[White "Nair, Ajitesh"]
[Black "Kolay, Alex"]
[Result "0-1"]
[WhiteElo "1392"]
[BlackElo "2208"]
[PlyCount "110"]
[EventDate "2020.08.07"]
[EventType "swiss"]
[EventRounds "9"]
[EventCountry "USA"]
[SourceTitle "CBM 197 Extra"]
[Source "ChessBase"]
[SourceDate "2020.09.30"]
[SourceVersion "1"]
[SourceVersionDate "2020.09.30"]
[SourceQuality "1"]

1. e4 e5 2. Nf3 Nc6 3. Bb5 a6 4. Ba4 Nf6 5. d3 b5 6. Bb3 Bc5 7. c3 d6 8. h3 h6 9. 0-0 0-0 10. Re1 Re8 11. Nbd2 Be6 12. Bxe6 Rxe6 13. Nf1 d5 14. Ng3 Qd7 15. Qe2 Rd8 16. Nf5 dxe4 17. dxe4 Qd3 18. Bd2 Qxe2 19. Rxe2 Kh7 20. Rd1 g6 21. Nxh6 Rxd2 22. Rdxd2 Kxh6 23. b4 Bb6 24. Rd1 Ne8 25. a4 bxa4 26. Ra1 a5 27. bxa5 Bxa5 28. Rc2 Nd6 29. Rxa4 Bb6 30. g4 Kg7 31. g5 f5 32. exf5 Nxf5 33. Nd2 Rd6 34. Ne4 Rd3 35. Rc4 Na5 36. Ra4 Rxh3 37. Kg2 Rh4 38. Rca2 Rg4+ 39. Kf3 Rf4+ 40. Kg2 Nh4+ 41. Kg3 Nf5+ 42. Kg2 Kf7 43. Re2 Nb3 44. Rb4 Nbd4 45. cxd4 Nxd4 46. Reb2 Rxe4 47. f3 Rf4 48. Rb1 Ke6 49. Rf1 Rf5 50. Rbb1 Rxg5+ 51. Kh1 Kf5 52. Rbc1 Rh5+ 53. Kg2 Ne2 54. Rc2 Nf4+ 55. Kg3 Rh3# 0-1